000
00318nam a22001337a 4500
008
181017b xxu||||| |||| 00| 0 eng d
020
_a
9780721680170
041
_a
eng
080
_2
4th
_a
610
100
_a
4
101
_a
SHM
245
_a
Differential Diagnosis of Common Complaints
_c
Seller,R.H
942
_2
udc
_c
BK
999
_c
49977
_d
49977